000 00552nam a2200229Ia 4500
003 OSt
005 20220924132132.0
006 a|||||r|||| 00| 0
007 ta
008 220923b |||||||| |||| 00| 0 san d
024 _a26039
037 _cTextual
040 _aARTS
_cARTS
_bsan
041 _2san
_asan
082 _aQ2:4x, 15J0
100 _aSarma D K
_9203854
245 0 _aDharma darsh ed by Santosh
260 _c1950
650 _aRELIGION
942 _hQ2:4x, 15J0
_cTEXL
_2CC
999 _c429425
_d429425